| 000 | 005010000a22001810004500 | ||
|---|---|---|---|
| 020 | _a0-89107-372-8 | ||
| 041 | 0 | _aENG | |
| 082 | 0 | 4 | _aG 270.8 C723w |
| 100 | 1 | _aColson, Charles W. | |
| 245 | 1 | 0 | _aWho speaks for God? Confronting the world with real christianity / Charles Colson |
| 260 | _aWestchester, ILL., USA : Crossway | ||
| 300 | _a192 Pag | ||
| 001 | 8352 | ||
| 942 | _cBK | ||
| 999 |
_c38523 _d38523 |
||
| 336 |
_atexto _btxt _2rdacontent |
||
| 337 |
_2rdamedia _asin mediación _bn |
||
| 338 |
_2rdacarrier _avolumen _bnc |
||